[Event "It (cat.8) (a)"]
[Site "Santa Clara (Cuba)"]
[Round "8"]
[White "Nogueiras Jesus (CUB)"]
[Black "Paramos Dominguez Roberto (ESP)"]
[Result "1-0"]
[WhiteElo "2559"]
[BlackElo "2425"]

1.c4 g6 2.Nc3 Bg7 3.g3 e5 4.Bg2 Nc6 5.d3 d6 6.e4 Be6 7.Nge2 Qd7 8.Nd5 f5 9.O-O
Nf6 10.Be3 O-O 11.Rc1 Nh5 12.exf5 gxf5 13.f4 Nf6 14.d4 Ng4 15.dxe5 Nxe3
16.Nxe3 dxe5 17.fxe5 Nxe5 18.Nf4 c6 19.Qb3 Kh8 20.Rcd1 Qe7 21.Nxe6 Qxe6 22.c5
Qe7 23.Qc2 Ng4 24.Nxf5 Rxf5 25.Qxf5 Ne3 26.Qd7 Qxc5 27.Qd8+ Rxd8 28.Rxd8+ Bf8
29.Rdxf8+ Kg7 30.R1f7+ Kh6 31.Be4 Qd4 32.Rf6+ Kg5 33.h4+ Kg4 34.Kh2 Qxb2+
35.Rf2 Nf1+ 36.Kg1 Nd2 37.Kg2 Qc3 38.Bf3+ Nxf3 39.R8xf3 Qe1 40.Rf6 {#r} 1-0

[Event "It (open)"]
[Site "St. Lo (France)"]
[Round "4"]
[White "Charpentier Philippe (FRA)"]
[Black "Berkes Ferenc (HUN)"]
[Result "0-1"]
[WhiteElo "2067"]
[BlackElo "2353"]

1.c4 e5 2.Nc3 Nc6 3.g3 g6 4.Bg2 Bg7 5.d3 d6 6.Nf3 f5 7.Bg5 Qd7 8.e4 f4 9.gxf4
h6 10.Bh4 exf4 11.Ng1 Bxc3+ 12.bxc3 g5 13.Bh3 Qg7 14.Bxc8 Rxc8 15.Qh5+ Kf8
16.Qg4 Qxc3+ {#R} 0-1

[Event "It (open)"]
[Site "Trois Rivieres (Canada)"]
[Round "3"]
[White "Hua Lefong (CAN)"]
[Black "Gladu Pierre (CAN)"]
[Result "1-0"]
[WhiteElo "2246"]
[BlackElo "2198"]

1.c4 e5 2.g3 Nc6 3.Bg2 g6 4.Nc3 Bg7 5.d3 d6 6.e3 f5 7.Nge2 Nf6 8.O-O O-O 9.Rb1
Be6 10.Nd5 Qd7 11.b4 Kh8 12.b5 Nd8 13.Qb3 g5 14.f4 gxf4 15.exf4 Qf7 16.Nxf6
Bxf6 17.Bb2 Qh5 18.Rbe1 Rb8 19.Qa3 Nf7 20.fxe5 dxe5 21.Nf4 {#r} 1-0

[Event "Ch Austria (w)"]
[Site "Vienna (Austria)"]
[Round "6"]
[White "Borek Jutta (AUT)"]
[Black "Kopinits Anna-Christina (AUT)"]
[Result "1-0"]
[WhiteElo "2122"]
[BlackElo "2276"]

1.c4 e5 2.g3 Nc6 3.Bg2 g6 4.Nc3 Bg7 5.d3 d6 6.e3 f5 7.Nge2 Nf6 8.b3 O-O 9.Bb2
g5 10.Qd2 h6 11.f4 Be6 12.Nd5 exf4 13.gxf4 Bxd5 14.cxd5 Ne7 15.e4 g4 16.Nd4
Qd7 17.Ne6 Rfe8 18.Nxg7 Kxg7 19.O-O Kg6 20.Rae1 Neg8 21.Qc3 Rf8 22.exf5+ Kh5
23.Re6 Rae8 24.Rfe1 Rf7 25.R1e3 Rfe7 26.h3 Rg7 27.hxg4+ Rxg4 28.Kh2 Rh4+
29.Rh3 Ng4+ 30.Kg3 Rxh3+ 31.Bxh3 N8f6 32.Bxg4+ Nxg4 33.Qc1 Rg8 34.Qh1+ Nh2+
35.Kf2 Kg4 36.Qxh2 Kxf5 37.Qh3+ Rg4 38.Kf3 h5 39.Qxh5+ {#r} 1-0

[Event "Ch Eastern Class"]
[Site "Woburn (USA)"]
[Round "5"]
[White "Ruiz Mauricio (USA)"]
[Black "Mac Intyre Paul (USA)"]
[Result "0-1"]
[WhiteElo "2246"]
[BlackElo "2337"]

1.c4 e5 2.d3 Nc6 3.g3 g6 4.Bg2 Bg7 5.Nc3 d6 6.Rb1 a5 7.a3 Nf6 8.b4 axb4 9.axb4
O-O 10.b5 Ne7 11.e4 Nd7 12.Nge2 f5 13.O-O f4 14.gxf4 exf4 15.f3 g5 16.d4 Nf6
17.Bd2 Ng6 18.Qe1 g4 19.Bc1 Nh5 20.Qf2 g3 21.hxg3 fxg3 22.Qe3 Qh4 23.Rd1 Qh2+
24.Kf1 Nh4 25.Qg1 Bh3 {#R} 0-1

[Event "Ch Moravia (juniors) (under 13)"]
[Site "Zlin (Czech Republic)"]
[Round "9"]
[White "Kalivoda Jiri (CZE)"]
[Black "Slavicek Martin (CZE)"]
[Result "1-0"]
[WhiteElo "2152"]
[BlackElo "2131"]

1.c4 e5 2.Nc3 Nc6 3.g3 g6 4.Bg2 Bg7 5.d3 d6 6.e4 Nge7 7.Nge2 O-O 8.O-O f5 9.f4
Kh8 10.Be3 Nd4 11.Nd5 Nxe2+ 12.Qxe2 c6 13.Nc3 Be6 14.Rf2 Qc7 15.Rd1 c5 16.Kh1
Nc6 17.Nd5 Qd7 18.Qd2 Rae8 19.Re1 Rf7 20.a3 b6 {#r} 1-0

[Event "It (open)"]
[Site "Bad Wiessee (Germany)"]
[Round "6"]
[White "Carlsen Henrik (NOR)"]
[Black "Pitl Gregory (GER)"]
[Result "0-1"]
[WhiteElo "2058"]
[BlackElo "2163"]

1.c4 e5 2.Nc3 Nc6 3.d3 g6 4.g3 Bg7 5.Bg2 d6 6.f4 f5 7.Nf3 Nf6 8.O-O O-O 9.Rb1
h6 10.e4 Be6 11.Qe2 Re8 12.fxe5 dxe5 13.Nd5 fxe4 14.dxe4 Nxe4 15.Nh4 Nd6
16.Nxg6 Bf5 17.Rxf5 Nxf5 18.Qg4 Ncd4 19.Be4 Nd6 20.Bxh6 Nxe4 21.Bxg7 Qg5
22.Qxe4 Kxg7 23.Nh4 Rh8 24.Rf1 Raf8 25.Rxf8 Rxf8 26.Kg2 c6 27.Ne3 Rf4 28.Qd3
Rxh4 29.Kf2 Rxh2+ 30.Ke1 {#R} 0-1

[Event "Ch Belgium (team) 1999/00"]
[Site "Belgium"]
[Round "7"]
[White "Van Herck Marcel (BEL)"]
[Black "Schalkx Johnny (BEL)"]
[Result "0-1"]
[WhiteElo "2208"]
[BlackElo "2223"]

1.g3 g6 2.Bg2 Bg7 3.c4 d6 4.Nc3 e5 5.d3 Nc6 6.Rb1 a5 7.a3 Nge7 8.b4 axb4
9.axb4 O-O 10.b5 Nd4 11.e3 Ne6 12.Nge2 f5 13.f4 g5 14.O-O h6 15.Nd5 Nxd5
16.Bxd5 Qe8 17.e4 c6 18.bxc6 bxc6 19.Bxe6+ Bxe6 20.exf5 Bxf5 21.fxg5 hxg5
22.Rb6 Qh5 23.Nc3 Bg4 24.Qd2 Bh3 25.Rf2 Rxf2 {#R} 0-1

[Event "It (open)"]
[Site "Biel (Switzerland)"]
[Round "5"]
[White "Heedt Thorsten Dr (GER)"]
[Black "Ramesh RB (IND)"]
[Result "0-1"]
[WhiteElo "2223"]
[BlackElo "2443"]

1.c4 g6 2.g3 Bg7 3.Bg2 e5 4.Nc3 d6 5.d3 Nc6 6.e4 Be6 7.Nge2 Qd7 8.Nd5 h5 9.h4
Nf6 10.Bg5 Nh7 11.Be3 O-O 12.Qd2 Nd8 13.Bh6 c6 14.Bxg7 Kxg7 15.Ne3 Nf6 16.d4
Qe7 17.d5 cxd5 18.cxd5 Bd7 19.O-O a5 20.f4 b5 21.fxe5 dxe5 22.d6 Qe6 23.Nf5+
Kg8 24.Qh6 gxf5 25.exf5 Qxd6 26.Rad1 Qb6+ 27.Kh1 Bc6 28.Nc3 Bxg2+ 29.Kxg2 Qc6+
30.Kg1 Nh7 31.f6 Ne6 32.Rf5 Rfd8 33.Rxh5 Rxd1+ 34.Nxd1 Qe4 35.Ne3 Rd8 36.Nf5
Qe1+ 37.Kh2 Rd2+ 38.Kh3 Qf1+ {#R} 0-1

[Event "It (open)"]
[Site "Cannes (France)"]
[Round "7"]
[White "Van Hoolandt Patrick (MNC)"]
[Black "Housieaux David (FRA)"]
[Result "1-0"]
[WhiteElo "2169"]
[BlackElo "2252"]

1.c4 g6 2.g3 Bg7 3.Bg2 d6 4.Nc3 e5 5.d3 Nc6 6.Rb1 a5 7.a3 Nf6 8.Nf3 O-O 9.O-O
h6 10.b4 axb4 11.axb4 Be6 12.b5 Ne7 13.Bb2 Qd7 14.Re1 Bh3 15.Bh1 Rab8 16.c5
Ng4 17.cxd6 Qxd6 18.Ne4 Qd7 19.Ba3 Rfc8 20.Nc5 Qd8 21.Qb3 b6 22.Ne6 Qd7
23.Nxg7 Kxg7 24.Bg2 Bxg2 25.Kxg2 c5 26.h3 Nf6 27.Bb2 Qd5 28.Bxe5 Qxb3 29.Rxb3
Ra8 30.Nd2 g5 31.Nc4 Rcb8 32.Ra1 Kg6 33.Bxb8 Rxb8 34.Ra6 Ned5 35.e4 {#r} 1-0

[Event "Czech League 1999/00 (2nd)"]
[Site "Czech Republic"]
[Round "0"]
[White "Groh Jiri (CZE)"]
[Black "Tupy Martin (CZE)"]
[Result "0-1"]
[WhiteElo "2090"]
[BlackElo "2298"]

1.c4 g6 2.g3 Bg7 3.Bg2 e5 4.d3 Nc6 5.Nc3 d6 6.Nf3 h6 7.e3 f5 8.d4 e4 9.Nh4
Nce7 10.g4 Nf6 11.gxf5 g5 12.Ng6 Nxg6 13.fxg6 Bf5 14.f3 O-O 15.fxe4 Bxg6
16.O-O c6 17.Qb3 Qd7 18.c5+ Bf7 19.Qa3 Bc4 20.Rf3 d5 21.Qa4 Bd3 22.Rxf6 Rxf6
23.Nxd5 Rf1+ 24.Bxf1 Qg4+ 25.Kf2 Qh4+ 26.Kg2 Bxe4+ 27.Kg1 Rf8 28.Nf4 gxf4
29.exf4 Rf6 30.Bc4+ Kh8 31.Be3 Rg6+ 32.Kf1 Qh3+ 33.Ke2 Qf3+ 34.Kd2 Rg2+ 35.Kc3
Qxe3+ 36.Kb4 Qd2+ {#R} 0-1

[Event "It"]
[Site "Elgoibar (Spain)"]
[Round "7"]
[White "Romero Holmes Alfonso (ESP)"]
[Black "Lopez Martinez Josep Manuel (ESP)"]
[Result "0-1"]
[WhiteElo "2473"]
[BlackElo "2477"]

1.c4 e5 2.g3 Nc6 3.Bg2 g6 4.Nc3 Bg7 5.d3 d6 6.Rb1 f5 7.b4 Nf6 8.b5 Ne7 9.e4
O-O 10.Nge2 fxe4 11.Nxe4 Nxe4 12.Bxe4 Bh3 13.Bg5 Bf6 14.Ng1 Be6 15.Bh6 Bg7
16.Bg5 Bf6 17.Bh6 Rf7 18.Nf3 Nf5 19.Bc1 d5 20.cxd5 Bxd5 21.Qe2 a6 22.a4 axb5
23.axb5 Bxe4 24.dxe4 Nd6 25.O-O Ra4 26.Qd3 b6 27.Bb2 Qe8 28.Bc3 Nxe4 29.Bxe5
Bxe5 30.Rfe1 Qa8 31.Nxe5 Nxf2 32.Qf1 Qh1# 0-1

[Event "Bayern Landesliga North 2000/01"]
[Site "Germany"]
[Round "1"]
[White "Stickler Andreas (GER)"]
[Black "Liepold Stefan (GER)"]
[Result "1-0"]
[WhiteElo "2250"]
[BlackElo "2260"]

1.c4 e5 2.Nc3 Nc6 3.g3 g6 4.Bg2 d6 5.d3 Bg7 6.e4 Nh6 7.Nge2 O-O 8.h3 f5 9.Be3
g5 10.exf5 Nxf5 11.Bd2 h6 12.O-O Be6 13.Nd5 Qd7 14.Kh2 Rf7 15.Nec3 Raf8 16.Qh5
Nfd4 17.f4 exf4 18.gxf4 g4 19.hxg4 Bxg4 20.Qh4 h5 21.Ne4 Nf5 22.Qf2 Bd4 23.Qe1
Nd8 24.Ne3 Nxe3 25.Bxe3 Bxe3 26.Qxe3 c6 27.Ng5 Re7 28.Be4 d5 29.cxd5 cxd5
30.Bxd5+ Kg7 31.Be4 Nc6 32.Rac1 Qd6 33.Kg2 Nd4 34.Rc4 Nf5 35.Qc1 Nd4 36.Qc3
{#r} 1-0

[Event "Bayern Regionalliga Southeast 1999/00"]
[Site "Germany"]
[Round "6"]
[White "Larcher Hans"]
[Black "Dost Andreas (GER)"]
[Result "1-0"]
[WhiteElo "1995"]
[BlackElo "2023"]

1.c4 e5 2.Nc3 Nc6 3.g3 g6 4.Bg2 Bg7 5.d3 d6 6.Bd2 Nf6 7.Qc1 h6 8.f4 Bd7 9.Nf3
Kf8 10.e4 Kg8 11.Nd5 Kh7 12.O-O Nxd5 13.cxd5 Nd4 14.Nxd4 exd4 15.f5 g5 16.Qd1
Bb5 17.f6 Bxf6 18.Qh5 Rf8 19.e5 dxe5 20.Be4+ Kg7 21.Rf2 Be7 22.h4 Be8 23.hxg5
Bxg5 24.Bb4 Rh8 25.Rf5 a5 26.Ba3 Ra6 27.Raf1 f6 28.Qf3 Qd7 29.d6 Rf8 30.dxc7
Rf7 31.Bxb7 Qxc7 32.Bxa6 Be3+ 33.Kh2 Qc2+ 34.Qg2 Qc7 35.Bc4 Bc6 36.Qe2 e4
37.Bxf7 exd3 38.Qh5 {#r} 1-0

[Event "Bundesliga (2nd) 1999/00"]
[Site "Germany"]
[Round "0"]
[White "Rosen Bernd (GER)"]
[Black "Orlov Andrey (RUS)"]
[Result "0-1"]
[WhiteElo "2316"]
[BlackElo "2367"]

1.c4 e5 2.g3 Nc6 3.Bg2 g6 4.Nc3 Bg7 5.d3 d6 6.e3 Be6 7.Nge2 Qd7 8.Nd5 Nd8 9.e4
c6 10.h3 f5 11.Ne3 fxe4 12.dxe4 Nf6 13.b3 O-O 14.Ba3 c5 15.Nd5 Nc6 16.Nxf6+
Rxf6 17.Bb2 Raf8 18.f3 Bh6 19.Bc1 Bxc1 20.Rxc1 Nd4 21.Nxd4 cxd4 22.Qd3 b6
23.h4 Qg7 24.Rc2 g5 25.hxg5 Qxg5 26.g4 Rh6 27.Rxh6 Qxh6 28.Qd2 Qh4+ 29.Kd1 Kg7
30.Kc1 Kg6 31.Kb2 a5 32.Rc1 Qg5 33.Qxg5+ Kxg5 34.Rh1 Bxg4 35.Rxh7 Bxf3 36.Bxf3
Rxf3 37.Rd7 Rf2+ 38.Kc1 Kf4 39.Rxd6 Ke3 40.Rxb6 d3 {#R} 0-1

[Event "Niederbayern liga 1999/00"]
[Site "Germany"]
[Round "1"]
[White "Scheipl Ralf (GER)"]
[Black "Maierhofer Johann (AUT)"]
[Result "1-0"]
[WhiteElo "2268"]
[BlackElo "2132"]

1.c4 e5 2.Nc3 Nc6 3.g3 g6 4.Bg2 Bg7 5.d3 d6 6.Rb1 Nh6 7.Nf3 O-O 8.O-O Nf5 9.b4
Ncd4 10.Nd2 c6 11.a4 Ne7 12.b5 f5 13.bxc6 bxc6 14.Nb3 Ne6 15.Ba3 Rb8 16.Qd2
Qc7 17.f4 Nd4 18.Nxd4 exd4 19.Na2 c5 20.Rxb8 Qxb8 21.Qc2 Qc7 22.Bc1 Nc6
23.Bd5+ Kh8 24.e3 dxe3 25.Bxe3 Re8 26.Bf2 Nd4 27.Qd1 Ne2+ 28.Kg2 Bb7 29.Re1
Bxd5+ 30.cxd5 Qb7 31.Rxe2 Qxd5+ 32.Kg1 Rb8 33.Qc2 Bf6 34.Nc3 Qc6 {#r} 1-0

[Event "Oberliga West 2000/01"]
[Site "Germany"]
[Round "3"]
[White "Funke Detlev (GER)"]
[Black "Sturm Bernhard (GER)"]
[Result "1-0"]
[WhiteElo "2198"]
[BlackElo "2204"]

1.c4 e5 2.Nc3 Nc6 3.g3 g6 4.Bg2 Bg7 5.d3 d6 6.e4 Nge7 7.Nge2 O-O 8.O-O f5
9.Rb1 Be6 10.Nd5 Qd7 11.b4 Nd8 12.Bg5 Nc8 13.b5 c6 14.bxc6 bxc6 15.exf5 Bxf5
16.Ndc3 Ne6 17.Bc1 Ne7 18.Ba3 Rab8 19.Qd2 Rxb1 20.Rxb1 Bg4 21.Ne4 d5 22.cxd5
cxd5 23.Nc5 Nxc5 24.Bxc5 Bf3 25.Nc3 Bxg2 26.Kxg2 Re8 27.Qc2 Qc6 28.Qa4 e4
29.Qxc6 Nxc6 30.Nxd5 exd3 31.Rd1 Re2 32.a3 Ne5 33.Bxa7 Nc4 34.Rxd3 Bb2 35.Bc5
Re5 36.Bb4 Re8 37.Ne3 Kg7 38.Rd7+ Kh6 39.Nd5 Ne5 {#r} 1-0

[Event "It \"]
[Site "Greece"]
[Round "2"]
[White "Istratescu Andrei (ROM)"]
[Black "Panagopoulos Nikolaos (GRE)"]
[Result "1-0"]
[WhiteElo "2578"]
[BlackElo "2270"]

1.c4 e5 2.Nc3 Nc6 3.g3 g6 4.Bg2 Bg7 5.d3 d6 6.e4 Nge7 7.Nge2 O-O 8.O-O Nd4
9.Nxd4 exd4 10.Ne2 c6 11.b4 d5 12.exd5 cxd5 13.c5 b6 14.Bf4 bxc5 15.bxc5 Re8
16.Rc1 Nc6 17.Re1 Bg4 18.h3 Be6 19.Bd6 g5 20.f4 Qd7 21.g4 Bxg4 22.hxg4 Qxg4
23.fxg5 Re3 24.Nf4 Qxg5 25.Qh5 Qxh5 26.Nxh5 Rae8 27.Rf1 Nb4 28.c6 Nxd3 29.Rb1
R3e6 30.c7 Rxd6 31.Rb8 {#r} 1-0

[Event "Ch Hungary (team) 1999/00 (2 liga)"]
[Site "Hungary"]
[Round "6"]
[White "Mokcsay Robert (HUN)"]
[Black "Neber Akos (HUN)"]
[Result "1-0"]
[WhiteElo "2335"]
[BlackElo "2228"]

1.c4 e5 2.Nc3 Nc6 3.g3 g6 4.Bg2 Bg7 5.d3 d6 6.e3 f5 7.Nge2 Nf6 8.Nd5 O-O
9.Nec3 Ne7 10.Nxf6+ Bxf6 11.d4 c6 12.dxe5 dxe5 13.Qc2 Qc7 14.h4 Be6 15.b3 Rad8
16.Bd2 b5 17.Ne2 bxc4 18.bxc4 Nc8 19.O-O c5 20.Rfd1 Qf7 21.Ba5 Rxd1+ 22.Rxd1
e4 23.Nf4 Bxc4 24.Bf1 Bxf1 25.Kxf1 Nb6 26.Qxc5 Qxa2 27.Bxb6 Qa6+ 28.Kg2 Qxb6
29.Qc4+ Kh8 30.Rd7 a5 31.Ne6 Re8 32.Ng5 Re7 33.Rxe7 Bxe7 34.Qf7 {#r} 1-0

[Event "Ch Serbia"]
[Site "Kragujevac (Yugoslavia)"]
[Round "1"]
[White "Radosavljevic Slobodan (SRB)"]
[Black "Brenjo Slavisa (SRB)"]
[Result "0-1"]
[WhiteElo "2338"]
[BlackElo "2472"]

1.c4 e5 2.g3 Nc6 3.Bg2 g6 4.Nc3 Bg7 5.d3 d6 6.Rb1 f5 7.e3 Nf6 8.Nge2 O-O 9.O-O
g5 10.f4 gxf4 11.exf4 Kh8 12.b4 a6 13.a4 a5 14.b5 Nb4 15.Qd2 c5 16.bxc6 bxc6
17.Na2 Qb6+ 18.Kh1 Rb8 19.h3 e4 20.dxe4 Nxe4 21.Bxe4 fxe4 22.Kh2 Qc5 23.Nxb4
Rxb4 24.Ba3 Qh5 25.Bxb4 Bxh3 26.Rh1 axb4 27.Kg1 Qc5+ 28.Kh2 Bg4 29.Ng1 Qxc4
30.Rxb4 e3 31.Rxc4 exd2 32.Nh3 d5 33.Rxc6 Re8 34.Nf2 Re2 35.Kg2 Bd4 {#R} 0-1

[Event "It (open)"]
[Site "Lampertheim (Germany)"]
[Round "0"]
[White "Nill Oliver (GER)"]
[Black "Raach Stephen (GER)"]
[Result "1-0"]
[WhiteElo "2181"]
[BlackElo "2148"]

1.c4 e5 2.Nc3 Nc6 3.g3 g6 4.Bg2 Bg7 5.d3 d6 6.e4 Nge7 7.Nge2 f5 8.Nd5 O-O
9.O-O h6 10.Rb1 Be6 11.b4 Qd7 12.Be3 g5 13.b5 Nd8 14.Nxe7+ Qxe7 15.exf5 Rxf5
16.Qa4 Qd7 17.d4 Rf8 18.dxe5 Bxe5 19.f4 Bf6 20.fxg5 hxg5 21.Bd4 Qg7 22.c5 Bd7
23.Rxf6 Rxf6 24.Qb3+ Nf7 25.Bd5 Rf8 26.Qb2 Kh7 27.Bxf6 {#r} 1-0

[Event "It (open)"]
[Site "Lampertheim (Germany)"]
[Round "0"]
[White "Schneider Walter (GER)"]
[Black "Werk Manfred (GER)"]
[Result "1-0"]
[WhiteElo "2032"]
[BlackElo "2073"]

1.c4 e5 2.Nc3 Nc6 3.g3 d6 4.Bg2 g6 5.d3 Bg7 6.e4 Nge7 7.Nge2 Be6 8.O-O Qd7
9.a3 h5 10.h4 O-O-O 11.b4 Rdg8 12.Nd5 Nd8 13.Be3 b6 14.c5 dxc5 15.Nxe7+ Qxe7
16.bxc5 bxc5 17.Qa4 c6 18.Rfc1 Nb7 19.Qxa7 Qc7 20.Rab1 Na5 21.Qa6+ Kd7 22.Rxc5
Ra8 23.Qb6 Qxb6 24.Rxb6 Kc7 25.Rb2 Bf8 26.Rxa5 {#r} 1-0

[Event "It (open)"]
[Site "Liechtenstein"]
[Round "4"]
[White "Muehlbach Peter (GER)"]
[Black "Natter Markus (AUT)"]
[Result "1-0"]
[WhiteElo "2141"]
[BlackElo "2088"]

1.c4 Nc6 2.Nc3 e5 3.g3 g6 4.Bg2 Bg7 5.d3 d6 6.Rb1 a5 7.a3 Bg4 8.h3 Be6 9.Nf3
h6 10.O-O Qd7 11.Kh2 Nge7 12.b4 axb4 13.axb4 O-O 14.b5 Nd8 15.Bd2 f5 16.Ng1 c6
17.bxc6 bxc6 18.Na4 Nc8 19.Bc3 Re8 20.Qc2 Bf6 21.f4 Bf7 22.fxe5 Bxe5 23.Bxe5
Rxe5 24.Nc3 Ne6 25.Qd2 Kh7 26.d4 Rea5 27.d5 Nd8 28.Rb2 c5 29.e4 Ne7 30.Nf3
fxe4 31.Nxe4 Ng8 32.Qf4 R5a6 33.h4 Kg7 34.Bh3 Qc7 35.Nfd2 Qe7 36.Nf3 Qc7
37.Nc3 Qe7 38.Re2 Qf6 39.Qd2 Ra3 40.Ne5 {#r} 1-0

[Event "It (open)"]
[Site "Mallorca (Spain)"]
[Round "9"]
[White "Adla Diego (ARG)"]
[Black "Zlotnik Boris A (RUS)"]
[Result "0-1"]
[WhiteElo "2498"]
[BlackElo "2419"]

1.c4 e5 2.g3 Nc6 3.Bg2 g6 4.Nc3 Bg7 5.d3 d6 6.e4 Nd4 7.Nge2 Ne7 8.Nxd4 exd4
9.Ne2 O-O 10.b4 c5 11.bxc5 dxc5 12.O-O Bd7 13.a4 Nc6 14.Bf4 Re8 15.Qd2 b6
16.Bh6 Bxh6 17.Qxh6 Ne5 18.Qd2 f5 19.Kh1 fxe4 20.Bxe4 Kg7 21.f3 Rb8 22.Nf4 Qf6
23.Kg2 Qd6 24.h4 Bc6 25.Rfe1 Nf7 26.Bd5 Bd7 27.a5 b5 28.cxb5 Bxb5 29.h5 Bd7
30.hxg6 hxg6 31.Rh1 Rh8 32.Rxh8 Rxh8 33.Re1 g5 34.Bxf7 gxf4 35.Bc4 Qh6 36.Re7+
Kf6 37.Qxf4+ Kxe7 38.Qe5+ Kd8 39.Qb8+ Bc8 {#R} 0-1

[Event "Ch Peru"]
[Site "Peru"]
[Round "4"]
[White "Cruz Filemon (PER)"]
[Black "Garcia Javier (PER)"]
[Result "1-0"]
[WhiteElo "2360"]
[BlackElo "2314"]

1.c4 e5 2.Nc3 Nc6 3.g3 g6 4.Bg2 Bg7 5.d3 d6 6.Rb1 a5 7.a3 f5 8.e3 Nf6 9.Nge2
O-O 10.b4 axb4 11.axb4 Ne7 12.Qb3 Kh8 13.O-O g5 14.f4 gxf4 15.exf4 Ng6 16.Nd5
Nxd5 17.cxd5 Bd7 18.b5 Ra5 19.Qc4 Qe8 20.Re1 Rxb5 21.Rxb5 Bxb5 22.Qxc7 exf4
23.Qxd6 Bc3 24.Qc7 Bd4+ 25.Kh1 Rf7 26.Qc2 fxg3 27.Rf1 Bg7 28.Nxg3 Nh4 29.Nh5
Be5 30.Re1 Qb8 31.Rxe5 Nxg2 32.Bb2 Kg8 33.Qxg2+ {#r} 1-0

[Event "It (open) \"]
[Site "Plzen (Czech Republic)"]
[Round "0"]
[White "Kriz Lubos (CZE)"]
[Black "Priborsky Ivo (CZE)"]
[Result "1-0"]
[WhiteElo "2133"]
[BlackElo "2316"]

1.c4 g6 2.Nc3 Bg7 3.g3 d6 4.Bg2 e5 5.d3 Nc6 6.h4 Nf6 7.Bg5 h6 8.Bd2 Be6 9.Nd5
Bxd5 10.cxd5 Ne7 11.Qb3 Qb8 12.Rc1 O-O 13.Ba5 b6 14.Bd2 Nd7 15.Qc4 Rc8 16.h5
g5 17.Bxg5 hxg5 18.Qg4 Nf8 19.Qxg5 f6 20.Qg4 Kf7 21.h6 Bh8 22.Be4 Re8 23.Nf3
Qc8 24.Qh5+ Nfg6 25.Nh4 Rg8 26.Nf5 Kf8 27.h7 Rg7 28.Nxg7 Kxg7 29.g4 Nf4
30.Qh6+ Kf7 31.g5 Qg4 32.g6+ Nexg6 33.Rxc7+ Ne7 34.Bf3 Qg5 35.Qh2 Qf5 36.Rg1
Nxd3+ 37.exd3 Qxf3 38.Rg8 Rxg8 39.Rxe7+ Kxe7 40.hxg8=Q {#r} 1-0

[Event "It (open) \"]
[Site "Plzen (Czech Republic)"]
[Round "0"]
[White "Schwarz Milan (CZE)"]
[Black "Orsag Miroslav (CZE)"]
[Result "0-1"]
[WhiteElo "2085"]
[BlackElo "2203"]

1.c4 e5 2.g3 Nc6 3.Bg2 g6 4.Nc3 Bg7 5.d3 d6 6.e3 f5 7.Nge2 Nf6 8.O-O O-O 9.Rb1
Be6 10.b4 d5 11.b5 Ne7 12.Qa4 g5 13.f4 gxf4 14.gxf4 dxc4 15.dxc4 e4 16.Nd4 Bf7
17.Rd1 Qc8 18.Bh3 Ng4 19.Qb4 Re8 20.a4 Bxd4 21.exd4 Qe6 22.Bxg4 fxg4 23.d5 Qg6
24.Rb2 Nf5 25.Ne2 h5 26.Nd4 Nh4 27.Kh1 e3 28.f5 Nxf5 29.Nxf5 Qxf5 30.Qc3 Qf3+
31.Rg2 Qxd1+ 32.Rg1 Qf3+ {#R} 0-1

[Event "Ch Switzerland"]
[Site "Pontresina (Switzerland)"]
[Round "5"]
[White "Zueger Beat (SUI)"]
[Black "Gallagher Joseph G (SUI)"]
[Result "0-1"]
[WhiteElo "2416"]
[BlackElo "2514"]

1.c4 g6 2.g3 Bg7 3.Bg2 e5 4.Nc3 Nc6 5.d3 d6 6.e4 Nge7 7.Nge2 O-O 8.O-O Nd4
9.Nxd4 exd4 10.Ne2 a5 11.Bd2 Nc6 12.Qc2 Bd7 13.f4 f5 14.Rae1 Kh8 15.Kh1 fxe4
16.dxe4 Nb4 17.Bxb4 axb4 18.Nc1 c5 19.b3 b5 20.Rf2 Qa5 21.cxb5 Qxb5 22.e5 Rae8
23.Bd5 Bf5 24.Qd2 dxe5 25.fxe5 Qd7 26.Bg2 d3 27.g4 Bxg4 28.Rxf8+ Rxf8 29.Qxd3
Qe7 30.Qg3 Bf5 31.Nd3 Rd8 32.Nb2 Rd2 33.Nc4 Rxa2 34.e6 Bxe6 35.Qb8+ Qf8
36.Qxf8+ Bxf8 {#R} 0-1

[Event "Ch Switzerland (open)"]
[Site "Pontresina (Switzerland)"]
[Round "8"]
[White "Habibi Ali (GER)"]
[Black "Hochstrasser Michael (SUI)"]
[Result "1-0"]
[WhiteElo "2274"]
[BlackElo "2291"]

1.c4 g6 2.g3 Bg7 3.Bg2 e5 4.Nc3 Nc6 5.d3 d6 6.Nf3 Nf6 7.Rb1 a5 8.O-O O-O 9.a3
h6 10.h3 Be6 11.e4 Nd7 12.Nd5 a4 13.Nc3 Nc5 14.Be3 Nd4 15.Bxd4 exd4 16.Ne2 Nb3
17.Ne1 c6 18.f4 f5 19.exf5 gxf5 20.Nf3 d5 21.cxd5 Bxd5 22.Rf2 c5 23.Ne5 Ra6
24.Kh2 Re6 25.Qh1 Rd6 26.Ng1 b5 27.Bxd5+ Rxd5 28.Nc6 Qd6 29.Qxd5+ Qxd5 30.Ne7+
Kf7 31.Nxd5 Ke6 32.Nc7+ Kd7 33.Re1 {#r} 1-0

[Event "Cup Croatia"]
[Site "Pula (Croatia)"]
[Round "2"]
[White "Mandekic Ivan (CRO)"]
[Black "Krstic Uros (CRO)"]
[Result "1-0"]
[WhiteElo "2251"]
[BlackElo "2375"]

1.c4 g6 2.Nc3 Bg7 3.g3 e5 4.Bg2 d6 5.d3 Nc6 6.Rb1 Be6 7.Nf3 h6 8.O-O Nf6 9.b4
Qd7 10.b5 Nd8 11.Re1 O-O 12.Nd2 Bh3 13.Nd5 Ne8 14.Bh1 f5 15.a4 Kh8 16.Ba3 c6
17.bxc6 bxc6 18.Nc3 Ne6 19.a5 e4 20.Qc1 exd3 21.exd3 Nf6 22.Nf3 Ng4 23.Ne2 f4
24.a6 fxg3 25.hxg3 Rxf3 26.Bxf3 Ng5 27.Bh1 Ne5 28.Qe3 Qg4 29.f4 Ngf3+ 30.Kf2
{#r} 1-0

[Event "It (open)"]
[Site "Rallar (Norway)"]
[Round "2"]
[White "Jensen Stein (NOR)"]
[Black "Aanstad Magnus (NOR)"]
[Result "1-0"]
[WhiteElo "2205"]
[BlackElo "2084"]

1.c4 e5 2.Nc3 Nc6 3.g3 g6 4.Bg2 Bg7 5.d3 d6 6.e3 f5 7.Nge2 Nf6 8.O-O O-O 9.Rb1
a5 10.a3 Kh8 11.b4 axb4 12.axb4 Ne7 13.f4 c6 14.Bd2 Be6 15.Qc2 e4 16.Nd4 exd3
17.Qxd3 Bg8 18.Nc2 d5 19.c5 Ne4 20.Ra1 Qc7 21.Nd4 b6 22.Nce2 bxc5 23.bxc5 Nxc5
24.Qc2 Ne4 25.Bb4 Rxa1 26.Rxa1 Rc8 27.Bxe4 dxe4 28.Bc5 Nd5 29.Kf2 Rb8 30.g4
Nb4 31.Bxb4 Rxb4 32.Ra8 Qe7 33.g5 Rb6 34.Nxc6 Qb7 35.Qa2 Rb3 36.Ne7 h6 37.Nxg8
Bc3 38.Nf6+ Kg7 39.Ra7 {#r} 1-0

[Event "Memorial G.Koltanowski"]
[Site "San Francisco (USA)"]
[Round "5"]
[White "Thompson Ian D (ENG)"]
[Black "Lee Andy C (USA)"]
[Result "1-0"]
[WhiteElo "2208"]
[BlackElo "2236"]

1.c4 e5 2.g3 Nc6 3.Bg2 g6 4.Nc3 Bg7 5.d3 d6 6.e3 Be6 7.Nge2 Qd7 8.Nd5 Nf6 9.d4
Nd8 10.h3 Qc8 11.b3 h5 12.Bb2 Nh7 13.dxe5 dxe5 14.Nef4 Bf5 15.e4 Bd7 16.Nd3 c6
17.Ne3 Qc7 18.f4 Ne6 19.Nxe5 O-O-O 20.Qe2 Be8 21.Nf3 Nf6 22.Bxf6 Bxf6 23.e5
Be7 24.O-O h4 25.Nxh4 Bxh4 26.gxh4 Rxh4 27.Ng4 Rd4 28.Qf2 Rh8 29.Rad1 Qb6
30.Rxd4 Nxd4 31.Nf6 Bd7 32.Nxd7 Kxd7 33.c5 {#r} 1-0

[Event "It (open)"]
[Site "Seefeld (Austria)"]
[Round "4"]
[White "Miezis Normunds (LAT)"]
[Black "Roemer Ulrich (GER)"]
[Result "1-0"]
[WhiteElo "2518"]
[BlackElo "2296"]

1.c4 d6 2.Nc3 e5 3.g3 g6 4.Bg2 Bg7 5.d3 Nc6 6.e4 Nge7 7.Nge2 O-O 8.O-O f5
9.Nd5 Be6 10.Be3 Qd7 11.Qd2 Rf7 12.Rac1 Raf8 13.f3 Kh8 14.b4 Ng8 15.exf5 Bxf5
16.d4 Bh3 17.b5 exd4 18.Nxd4 Ne5 19.Bxh3 Qxh3 20.Nf4 Qd7 21.Nde6 Re8 22.Nxg7
Kxg7 23.Bd4 Kf8 24.Kg2 Qf5 25.Rc3 b6 26.Nd5 Nf6 27.Ne3 Qe6 28.h3 Kg8 29.Qc2
Qc8 30.Qd1 Qb7 31.Ra3 d5 32.cxd5 Nxd5 33.Bxe5 Rxe5 34.Ng4 Rh5 35.Re1 Qc8
36.Rd3 Qf5 37.Re5 {#r} 1-0